LIBRARY & INFORMATION CENTRE, KCAET, TAVANUR

ONLINE PUBLIC ACCESS CATALOGUE (OPAC)

Controlled atmosphere storage of fruits and vegetables / (Record no. 13716)

MARC details
000 -LEADER
fixed length control field 00566cam a22001934a 4500
020 ## - INTERNATIONAL STANDARD BOOK NUMBER
ISBN 9781845936464 (alk. paper)
020 ## - INTERNATIONAL STANDARD BOOK NUMBER
ISBN 1845936469 (alk. paper)
082 00 - DEWEY DECIMAL CLASSIFICATION NUMBER
Classification number 635.0468
Item number THO/CO
100 1# - MAIN ENTRY--AUTHOR NAME
Personal name Thompson, A. K.
245 10 - TITLE STATEMENT
Title Controlled atmosphere storage of fruits and vegetables /
250 ## - EDITION STATEMENT
Edition statement 2nd ed.
260 ## - PUBLICATION, DISTRIBUTION, ETC. (IMPRINT)
Place of publication Wallingford, Oxfordshire, UK ;
-- Cambridge, MA :
Name of publisher CABI,
Year of publication c2010.
300 ## - PHYSICAL DESCRIPTION
Number of Pages xv, 272 p. :
Other physical details ill. ;
500 ## - GENERAL NOTE
General note First ed. published 1998.
650 #0 - SUBJECT ADDED ENTRY--TOPICAL TERM
Topical Term Fruit
650 #0 - SUBJECT ADDED ENTRY--TOPICAL TERM
Topical Term Vegetables
650 #0 - SUBJECT ADDED ENTRY--TOPICAL TERM
Topical Term Protective atmospheres.
942 ## - ADDED ENTRY ELEMENTS (KOHA)
Koha item type Books
Holdings
Withdrawn status Lost status Damaged status Collection code Home library Current library Shelving location Date acquired Source of acquisition Cost, normal purchase price Full call number Accession Number Koha item type
      Reference KAUAET KAUAET Reference 31/03/2012 Southern Book Star 6978.00 635.0468 THO/CO 23376 Reference
free website counter